| 000 | 00000nam##2200000za#4500 |
| 001 | 9.642884 |
| 003 | CaOODSP |
| 005 | 20210624223920 |
| 007 | cr ||||||||||| |
| 008 | 150407|2002||||xxc|||||o f|0| 0 fre|d |
| 040 | |aCaOODSP|bfre |
| 043 | |an-cn--- |
| 086 | 1 |aEn40-649/2001F-IN |
| 110 | 1 |aCanada. |bEnvironnement Canada. |bService de la protection de l'environnement. |
| 245 | 10|aRapport sur les indicateurs écosystémiques de la région du bassin de Georgia et de Puget Sound / |h[ressource électronique]|c[par le] Groupe de travail sur les indicateurs environnementaux transfrontaliers de la région du bassin de Georgia et de Puget Sound. |
| 260 | |aOttawa - Ontario : |bEnvironnement Canada. |cPrintemps 2002. |
| 300 | |a28p.|bill. en couleur, graphiques, cartes (certaines en couleur), références, photographies |
| 500 | |aL'ISBN (0-662-313127) de l'édition anglaise a été incorrectement copié dans cette édition PDF. |
| 590 | |a14-08-Supp|b2014-04-10 |
| 691 | 07|aProtection de l'environnement|2gcpds |
| 691 | 07|aIndicateurs environnementaux|2gcpds |
| 775 | 08|tGeorgia Basin-Puget Sound ecosystem indicators report / |w(CaOODSP)9.686263 |
| 856 | 40|ahttp://publications.gc.ca|qPDF|s6.57 M|uhttps://publications.gc.ca/collections/collection_2014/ec/En40-649-2001-fra.pdf |
| 986 | |aEC/GB-01-034 |